| 000 | 00924nam a22002531 4500 | ||
|---|---|---|---|
| 003 | IT-RoINE | ||
| 005 | 20150701053902.0 | ||
| 008 | 940725s1959 sp 000 spa d | ||
| 040 |
_aSpMaBN _bspa _cA2 IT-RoINE _dSpMaBN _dIT-RoINE |
||
| 100 | 1 |
_aMuriel, Andrés, _d1776-1838 _916778 |
|
| 245 | 1 | 0 |
_aHistoria de Carlos IV / _cAndres Muriel ; edición y estudio preliminar de Carlos Seco Serrano. |
| 260 |
_aMadrid : _bAtlas, _c1959. |
||
| 300 |
_a2 v. ; _c26 cm. |
||
| 336 |
_2rdacontent _atext |
||
| 337 |
_2rdamedia _aunmediated |
||
| 338 |
_2rdacarrier _avolume |
||
| 490 | 1 |
_aBiblioteca de autores españoles ; _v114-115 |
|
| 500 | _aÍndice onomástico: v. 2, p. [427]-437. | ||
| 651 | 4 |
_aEspaña _xHistoria _y1788-1808 (Carlos IV) _97013 |
|
| 600 | 0 |
_916779 _aCarlos _bIV, _cRey de España, _d1748-1819 |
|
| 700 | 1 |
_aSeco Serrano, Carlos, _97279 _d1923- |
|
| 830 | 0 |
_912318 _aBiblioteca de autores españoles |
|
| 942 | _cMTS | ||
| 999 |
_c8129 _d8129 |
||